[Event "Guelph Winter Pro-Am U1600"]
[Site "Guelph"]
[Date "2012.02.12"]
[Round "5"]
[White "Zheng, Ethan"]
[Black "Caron, Daniel"]
[Result "0-1"]
[WhiteElo "911"]
[BlackElo "966"]
[PlyCount "126"]
[EventDate "2012.02.10"]
[EventType "swiss"]
[EventRounds "5"]
[EventCountry "CAN"]
[SourceTitle "EXT 2022"]
[Source "ChessBase"]
[SourceDate "2021.10.06"]
[SourceVersion "1"]
[SourceVersionDate "2021.10.06"]
[SourceQuality "1"]

1. e4 e5 2. Nf3 Nc6 3. Bc4 Bc5 4. d3 Nf6 5. 0-0 d6 6. Nc3 0-0 7. Be3 Bxe3 8. fxe3 Ng4 9. Nd2 Nxe3 10. Qf3 Nxf1 11. Rxf1 Be6 12. Qe2 Qc8 13. h3 Nd4 14. Qd1 h6 15. Ne2 Nxe2+ 16. Qxe2 Bxc4 17. Nxc4 b5 18. Ne3 Rb8 19. Nd5 Qe8 20. Nxc7 Qe7 21. Nd5 Qe6 22. Qe3 b4 23. Qxa7 Ra8 24. Qe3 Rxa2 25. b3 Rxc2 26. Nxb4 Rb2 27. Nd5 Qg6 28. Rf2 Rxf2 29. Ne7+ Kh8 30. Nxg6+ fxg6 31. Kh2 Rf1 32. Qb6 R1f6 33. b4 g5 34. Qc6 d5 35. Qc7 dxe4 36. Qxe5 exd3 37. Qb2 Rd6 38. Qe5 Rdd8 39. Qe1 d2 40. Qd1 Rf4 41. b5 Rf6 42. g4 Rb6 43. Qg1 Rxb5 44. Qd1 Rb1 45. Qxb1 d1Q 46. Qxd1 Rxd1 47. Kg3 g6 48. h4 gxh4+ 49. Kxh4 h5 50. gxh5 gxh5 51. Kxh5 Rg1 52. Kh4 Kg8 53. Kh3 Kf8 54. Kh2 Rg8 55. Kh3 Kf7 56. Kh2 Kf6 57. Kh3 Kf5 58. Kh4 Kf4 59. Kh5 Rg1 60. Kh6 Kf5 61. Kh7 Kf6 62. Kh8 Kf7 63. Kh7 Rh1# 0-1

[Event "Guelph Winter Pro-Am U1600"]
[Site "Guelph"]
[Date "2012.02.11"]
[Round "2"]
[White "Caron, Daniel"]
[Black "Birarov, Nicole"]
[Result "0-1"]
[WhiteElo "966"]
[BlackElo "1131"]
[PlyCount "40"]
[EventDate "2012.02.10"]
[EventType "swiss"]
[EventRounds "5"]
[EventCountry "CAN"]
[SourceTitle "EXT 2022"]
[Source "ChessBase"]
[SourceDate "2021.10.06"]
[SourceVersion "1"]
[SourceVersionDate "2021.10.06"]
[SourceQuality "1"]

1. e4 d5 2. g3 dxe4 3. d3 exd3 4. cxd3 e5 5. Nf3 Nc6 6. Bg2 Bg4 7. Na3 Qd7 8. b3 0-0-0 9. Bf1 e4 10. h3 Bxf3 11. Rh2 Bxd1 12. Kxd1 exd3 13. Bg5 f6 14. f4 fxg5 15. fxg5 Bxa3 16. Rd2 Qf5 17. Bg2 Qxg5 18. Rf2 Qxg3 19. Rd2 Bb4 20. Rb2 Qe1# 0-1